Quel est ce monument ? #1 - Statistiques

Statistiques générales
  • Ce quiz a été pris 83 fois
  • Le résultat moyen est 4 sur 10
Statistiques - réponses
Descriptions Monuments % Correct
Ce monument, situé dans une grande capitale européenne, est un amphithéâtre monumental où des spectacles de gladiateurs et d’autres événements publics avaient lieu. Sa structure en pierres et ses arches impressionnantes témoignent de la grandeur de l’Empire romain. Le Colisée
93%
Ce monument nord-américain, taillé dans la montagne, représente des figures historiques importantes d’un pays et est un symbole de la liberté et de la démocratie, visible de loin sur la côte ouest. Mont Rushmore
77%
Cette grande muraille, longue de plusieurs milliers de kilomètres, serpente à travers un pays asiatique. Elle a été construite pour protéger l’empire d’anciennes invasions, et son immensité continue de fasciner les voyageurs. Grande Muraille de Chine
67%
Ce monument asiatique est l’une des sept merveilles du monde moderne. Il se distingue par une immense structure en pierre qui a été construite pour honorer un empereur et abrite de magnifiques jardins et bâtiments. Taj Mahal
61%
Ce monument africain est un ancien site de sépulture royal, composé de grandes pyramides. Il est l’un des plus célèbres du continent et témoigne d’une civilisation ancienne qui a marqué son époque par ses connaissances en ingénierie. Pyramides de Gizeh
44%
Ce monument monumental se trouve sur un plateau désertique et est célèbre pour sa structure circulaire. Son usage original reste encore un mystère pour les historiens et il est classé au patrimoine mondial. Stonehenge
24%
Ce grand palais est situé dans une capitale européenne et était autrefois la résidence de rois et de reines. Aujourd’hui, il attire des visiteurs grâce à son architecture opulente et ses jardins somptueux. Palais de Buckingham
7%
Ce site en Asie du Sud-Est est composé de nombreuses structures en pierre, dont des tours qui se dressent vers le ciel. Il est un exemple exceptionnel de l’architecture religieuse ancienne et est l’un des plus importants monuments du Cambodge. Angkor Wat
6%
Ce site antique est connu pour ses colonnes imposantes et ses structures qui servaient autrefois à des cérémonies religieuses. Il est situé dans une ville méditerranéenne et est un témoin de la grandeur d’un empire disparu. Temple de Zeus
1%
Ce temple en forme de pyramide se trouve en Amérique centrale et est un exemple spectaculaire de l’architecture précolombienne. Il est associé à un peuple mystérieux et constitue une étape clé sur la route touristique des anciennes civilisations. Temple de Kukulcán
0%
Aucun quiz correspondant
Distribution des résultats
% des personnes avec chaque résultat
Percentile par nombre de réponses
Votre historique - résultats
Vous n’avez pas pris ce quiz